000
00218 a2200097 4500
001
28391
100
_a
Henke, R W
245
_a
Introduction to fluid mechanics
260
_a
_b
Addison Wesley
_c
090
_c
18999
_d
18999
942
_a
NUST-CAE
_c
M
_c
10000
999
_c
263464
_d
263464